Dějiny v datech - umění /

Hlavní autor: Ochoa, George, 1960-
Další autoři: Corey, Melinda, Borovičková, Adriena, 1922-2009
Jazyk: Čeština
Vydáno: Praha : Euromedia Group :Knižní klub :Eminent, 1997
Vydání: Vyd. 1.
Témata:
Externí odkaz: Digitalizovaný dokument
Fyzický popis: 350 s. ; 22 cm
Knihy
Uloženo v:
LEADER 02033nam a2200517 a 4500
001 000253520
003 CZ BrMZK
005 20090511123203.0
007 ta
008 970107s1997 xr e f cze d
015 |a cnb000287984 
020 |a 80-85876-37-X  |q (Eminent :  |q váz.)  |z 80-85879-37-X  |q (Eminent. Praha) 
020 |a 80-7176-604-6  |q (Knižní klub :  |q váz.) 
035 |a (OCoLC)38456087 
040 |a ABA001  |b cze 
041 1 |a cze  |h eng 
072 7 |a 72/76  |x Výtvarné umění  |2 Konspekt  |9 21 
072 7 |a 821  |x Literatura v různých jazycích  |2 Konspekt  |9 25 
080 9 |a 72/76 
080 9 |a 77 
080 9 |a 78 
080 9 |a 791 
080 9 |a 792 
080 9 |a 82.0 
080 9 |a 654.1 
100 1 |a Ochoa, George,  |d 1960-  |7 xx0026192  |4 aut 
245 1 0 |a Dějiny v datech - umění /  |c George Ochoa a Melinda Corey ; [z anglického originálu přeložila Adriena Borovičková] 
246 1 4 |a Umění: dějiny v datech 
250 |a Vyd. 1. 
260 |a Praha :  |b Euromedia Group :  |b Knižní klub :  |b Eminent,  |c 1997 
300 |a 350 s. ;  |c 22 cm 
500 |a Obsahuje rejstřík 
650 0 7 |a dějiny umění  |7 ph119698  |2 czenas 
650 0 7 |a literatura  |7 ph117222  |x dějiny  |2 czenas 
655 7 |a chronologické přehledy  |7 fd131969  |2 czenas 
655 7 |a příručky  |7 fd133209  |2 czenas 
700 1 |a Corey, Melinda  |7 mzk2005289721  |4 aut 
700 1 |a Borovičková, Adriena,  |d 1922-2009  |7 jk01120962  |4 trl 
765 0 |t Timeline book of the arts  |9 Česky 
856 4 1 |u http://www.digitalniknihovna.cz/mzk/uuid/uuid:f962df40-88ed-11e3-997d-005056827e52  |y Digitalizovaný dokument  |x NDK 
910 |a BOA001  |b PK-0128.658  |b 2-1044.511 
920 |a 000247159 
990 |a BK 
996 7 |b 2610069967  |c 2-1044.511  |l MZK  |r Sklad / do 1 hodiny  |n 16  |p p.v.  |w 000253520  |u 000020  |a 1  |e BOA001  |j MZK50  |s A 
996 6 |b 2610072659  |c 2-1044.511  |l MZK  |r Sklad / do 1 hodiny  |n 11  |p p.v.  |w 000253520  |u 000030  |a 1  |e BOA001  |j MZK50  |s P 
996 7 |b 3119009959  |c PK-0128.658  |l MZK  |r Sklad / do 1 hodiny  |n 9  |p kup  |w 000253520  |u 000010  |a 1  |e BOA001  |j MZK50  |s A